00385nam a2200145Ia 4500008004100000020001800041082001500059100002100074245006300095260002600158300000800184650002500192942000700217999001500224230312s9999||||xx |||||||||||||| ||und|| a81-312-2405-2 a618bHAC-E aHacker;Neville.F 0aHacker and Moore's Essentials of Obstetrics and Gynecology bElsevieraINDIAc2010 a475 aMedicalvGynaecology cBK c5104d5104